<?xml version="1.0" encoding="UTF-8"?>
<marc:record xmlns:marc="http://www.loc.gov/MARC21/slim" type="Bibliographic">
   <marc:leader>00000njm a2200000 c 4500</marc:leader>
   <marc:controlfield tag="001">359176895</marc:controlfield>
   <marc:controlfield tag="003">DE-101</marc:controlfield>
   <marc:controlfield tag="005">20171202085733.0</marc:controlfield>
   <marc:controlfield tag="007">s|||||||||||||</marc:controlfield>
   <marc:controlfield tag="008">060601s2005    gw ||||| |||||||||||ger  </marc:controlfield>
   <marc:datafield ind1=" " ind2=" " tag="015">
      <marc:subfield code="a">06,T08,0005</marc:subfield>
      <marc:subfield code="2">dnb</marc:subfield>
   </marc:datafield>
   <marc:datafield ind1="7" ind2=" " tag="016">
      <marc:subfield code="2">DE-101</marc:subfield>
      <marc:subfield code="a">359176895</marc:subfield>
   </marc:datafield>
   <marc:datafield ind1=" " ind2=" " tag="020">
      <marc:subfield code="a">9783833713804</marc:subfield>
      <marc:subfield code="9">978-3-8337-1380-4</marc:subfield>
   </marc:datafield>
   <marc:datafield ind1=" " ind2=" " tag="020">
      <marc:subfield code="a">3833713801</marc:subfield>
      <marc:subfield code="9">3-8337-1380-1</marc:subfield>
   </marc:datafield>
   <marc:datafield ind1="3" ind2=" " tag="024">
      <marc:subfield code="a">4012144137920</marc:subfield>
   </marc:datafield>
   <marc:datafield ind1="7" ind2=" " tag="024">
      <marc:subfield code="2">urn</marc:subfield>
      <marc:subfield code="a">urn:nbn:de:101:1-2014071612307</marc:subfield>
   </marc:datafield>
   <marc:datafield ind1="3" ind2="2" tag="028">
      <marc:subfield code="b">Jumbo (LC 06983)</marc:subfield>
      <marc:subfield code="a">441 379-2</marc:subfield>
   </marc:datafield>
   <marc:datafield ind1="3" ind2="2" tag="028">
      <marc:subfield code="b">JUMBO</marc:subfield>
      <marc:subfield code="a">441 379-2</marc:subfield>
   </marc:datafield>
   <marc:datafield ind1=" " ind2=" " tag="035">
      <marc:subfield code="a">(DE-599)DNB359176895</marc:subfield>
   </marc:datafield>
   <marc:datafield ind1=" " ind2=" " tag="035">
      <marc:subfield code="a">(OCoLC)1183770482</marc:subfield>
   </marc:datafield>
   <marc:datafield ind1=" " ind2=" " tag="035">
      <marc:subfield code="a">(OCoLC)255460608</marc:subfield>
   </marc:datafield>
   <marc:datafield ind1=" " ind2=" " tag="040">
      <marc:subfield code="a">1340</marc:subfield>
      <marc:subfield code="b">ger</marc:subfield>
      <marc:subfield code="c">DE-101</marc:subfield>
      <marc:subfield code="d">9999</marc:subfield>
   </marc:datafield>
   <marc:datafield ind1=" " ind2=" " tag="041">
      <marc:subfield code="a">ger</marc:subfield>
   </marc:datafield>
   <marc:datafield ind1=" " ind2=" " tag="044">
      <marc:subfield code="c">XA-DE</marc:subfield>
   </marc:datafield>
   <marc:datafield ind1="7" ind2="4" tag="082">
      <marc:subfield code="a">780.9</marc:subfield>
      <marc:subfield code="q">DE-101</marc:subfield>
      <marc:subfield code="2">22sdnb</marc:subfield>
   </marc:datafield>
   <marc:datafield ind1="1" ind2=" " tag="100">
      <marc:subfield code="0">(DE-588)118584596</marc:subfield>
      <marc:subfield code="0">https://d-nb.info/gnd/118584596</marc:subfield>
      <marc:subfield code="0">(DE-101)118584596</marc:subfield>
      <marc:subfield code="a">Mozart, Wolfgang Amadeus</marc:subfield>
      <marc:subfield code="d">1756-1791</marc:subfield>
      <marc:subfield code="e">Komponist</marc:subfield>
      <marc:subfield code="4">cmp</marc:subfield>
      <marc:subfield code="2">gnd</marc:subfield>
   </marc:datafield>
   <marc:datafield ind1="1" ind2="0" tag="240">
      <marc:subfield code="0">(DE-588)300572360</marc:subfield>
      <marc:subfield code="0">https://d-nb.info/gnd/300572360</marc:subfield>
      <marc:subfield code="0">(DE-101)300572360</marc:subfield>
      <marc:subfield code="a">Werke</marc:subfield>
      <marc:subfield code="k">Ausw.</marc:subfield>
      <marc:subfield code="2">gnd</marc:subfield>
   </marc:datafield>
   <marc:datafield ind1="1" ind2="0" tag="245">
      <marc:subfield code="a">Marko Simsa präsentiert Mozart-Hits für Kinder</marc:subfield>
   </marc:datafield>
   <marc:datafield ind1="3" ind2=" " tag="246">
      <marc:subfield code="a">Mozart-Hits für Kinder</marc:subfield>
   </marc:datafield>
   <marc:datafield ind1=" " ind2="1" tag="264">
      <marc:subfield code="a">Hamburg</marc:subfield>
      <marc:subfield code="b">Jumbo</marc:subfield>
      <marc:subfield code="a">Diepholz</marc:subfield>
      <marc:subfield code="b">DA Music [Vertrieb]</marc:subfield>
      <marc:subfield code="c">P 2005</marc:subfield>
   </marc:datafield>
   <marc:datafield ind1=" " ind2=" " tag="300">
      <marc:subfield code="a">1 CD</marc:subfield>
      <marc:subfield code="b">stereo</marc:subfield>
      <marc:subfield code="c">12 cm</marc:subfield>
      <marc:subfield code="e">Beih.</marc:subfield>
   </marc:datafield>
   <marc:datafield ind1=" " ind2=" " tag="336">
      <marc:subfield code="a">aufgeführte Musik</marc:subfield>
      <marc:subfield code="b">prm</marc:subfield>
      <marc:subfield code="2">rdacontent</marc:subfield>
   </marc:datafield>
   <marc:datafield ind1=" " ind2=" " tag="337">
      <marc:subfield code="a">audio</marc:subfield>
      <marc:subfield code="b">s</marc:subfield>
      <marc:subfield code="2">rdamedia</marc:subfield>
   </marc:datafield>
   <marc:datafield ind1=" " ind2=" " tag="338">
      <marc:subfield code="a">Audiodisk</marc:subfield>
      <marc:subfield code="b">sd</marc:subfield>
      <marc:subfield code="2">rdacarrier</marc:subfield>
   </marc:datafield>
   <marc:datafield ind1="0" ind2=" " tag="490">
      <marc:subfield code="a">Marko Simsa präsentiert</marc:subfield>
   </marc:datafield>
   <marc:datafield ind1=" " ind2=" " tag="500">
      <marc:subfield code="a">Interpr. u.a.: Capella Istropolitana. Johannes Wildner, Dir. Ingrid Haselberger, Sopran. Barbara Rektenwald, Klavier. Bournemouth Sinfonietta. Michael Thompson, Dir., Horn. Northern Chamber Orchestra. Nicholas Ward, Dir. Failoni Orchestra. Michael Halász, Dir. Georg Tichy, Bariton. Hellen Kwon, Königin der Nacht. Lotte Leitner, Papagena.</marc:subfield>
   </marc:datafield>
   <marc:datafield ind1="0" ind2=" " tag="511">
      <marc:subfield code="a">Haselberger, Ingrid [Sopr]. Rektenwald, Barbara [Kl]. Thompson, Michael [Dir. Hr]. Tichy, Georg [Bar]. Kwon, Hellen [Königin der Nacht]. Leitner, Lotte [Papagena].</marc:subfield>
   </marc:datafield>
   <marc:datafield ind1="1" ind2=" " tag="583">
      <marc:subfield code="a">Archivierung/Langzeitarchivierung gewährleistet</marc:subfield>
      <marc:subfield code="5">DE-101</marc:subfield>
      <marc:subfield code="2">pdager</marc:subfield>
   </marc:datafield>
   <marc:datafield ind1=" " ind2="7" tag="655">
      <marc:subfield code="0">(DE-588)4522869-3</marc:subfield>
      <marc:subfield code="0">https://d-nb.info/gnd/4522869-3</marc:subfield>
      <marc:subfield code="0">(DE-101)955174880</marc:subfield>
      <marc:subfield code="a">CD</marc:subfield>
      <marc:subfield code="2">gnd-carrier</marc:subfield>
   </marc:datafield>
   <marc:datafield ind1="1" ind2=" " tag="700">
      <marc:subfield code="0">(DE-588)13263306X</marc:subfield>
      <marc:subfield code="0">https://d-nb.info/gnd/13263306X</marc:subfield>
      <marc:subfield code="0">(DE-101)13263306X</marc:subfield>
      <marc:subfield code="a">Wildner, Johannes</marc:subfield>
      <marc:subfield code="d">1956-</marc:subfield>
      <marc:subfield code="e">Dirigent</marc:subfield>
      <marc:subfield code="4">cnd</marc:subfield>
      <marc:subfield code="2">gnd</marc:subfield>
   </marc:datafield>
   <marc:datafield ind1="1" ind2=" " tag="700">
      <marc:subfield code="0">(DE-588)13543923X</marc:subfield>
      <marc:subfield code="0">https://d-nb.info/gnd/13543923X</marc:subfield>
      <marc:subfield code="0">(DE-101)13543923X</marc:subfield>
      <marc:subfield code="a">Haselberger, Ingrid</marc:subfield>
      <marc:subfield code="e">Sänger</marc:subfield>
      <marc:subfield code="4">sng</marc:subfield>
      <marc:subfield code="2">gnd</marc:subfield>
   </marc:datafield>
   <marc:datafield ind1="1" ind2=" " tag="700">
      <marc:subfield code="0">(DE-588)135380987</marc:subfield>
      <marc:subfield code="0">https://d-nb.info/gnd/135380987</marc:subfield>
      <marc:subfield code="0">(DE-101)135380987</marc:subfield>
      <marc:subfield code="a">Rektenwald, Barbara</marc:subfield>
      <marc:subfield code="e">Instrumentalmusiker</marc:subfield>
      <marc:subfield code="4">itr</marc:subfield>
      <marc:subfield code="2">gnd</marc:subfield>
   </marc:datafield>
   <marc:datafield ind1="1" ind2=" " tag="700">
      <marc:subfield code="0">(DE-588)137104324</marc:subfield>
      <marc:subfield code="0">https://d-nb.info/gnd/137104324</marc:subfield>
      <marc:subfield code="0">(DE-101)137104324</marc:subfield>
      <marc:subfield code="a">Thompson, Michael</marc:subfield>
      <marc:subfield code="d">1954-</marc:subfield>
      <marc:subfield code="e">Ausführender</marc:subfield>
      <marc:subfield code="4">prf</marc:subfield>
      <marc:subfield code="2">gnd</marc:subfield>
   </marc:datafield>
   <marc:datafield ind1="1" ind2=" " tag="700">
      <marc:subfield code="0">(DE-588)135024420</marc:subfield>
      <marc:subfield code="0">https://d-nb.info/gnd/135024420</marc:subfield>
      <marc:subfield code="0">(DE-101)135024420</marc:subfield>
      <marc:subfield code="a">Ward, Nicholas</marc:subfield>
      <marc:subfield code="d">1952-</marc:subfield>
      <marc:subfield code="e">Dirigent</marc:subfield>
      <marc:subfield code="4">cnd</marc:subfield>
      <marc:subfield code="2">gnd</marc:subfield>
   </marc:datafield>
   <marc:datafield ind1="1" ind2=" " tag="700">
      <marc:subfield code="0">(DE-588)189475137</marc:subfield>
      <marc:subfield code="0">https://d-nb.info/gnd/189475137</marc:subfield>
      <marc:subfield code="0">(DE-101)189475137</marc:subfield>
      <marc:subfield code="a">Halász, Michael</marc:subfield>
      <marc:subfield code="d">1938-</marc:subfield>
      <marc:subfield code="e">Dirigent</marc:subfield>
      <marc:subfield code="4">cnd</marc:subfield>
      <marc:subfield code="2">gnd</marc:subfield>
   </marc:datafield>
   <marc:datafield ind1="1" ind2=" " tag="700">
      <marc:subfield code="0">(DE-588)134539850</marc:subfield>
      <marc:subfield code="0">https://d-nb.info/gnd/134539850</marc:subfield>
      <marc:subfield code="0">(DE-101)134539850</marc:subfield>
      <marc:subfield code="a">Tichy, Georg</marc:subfield>
      <marc:subfield code="d">1944-</marc:subfield>
      <marc:subfield code="e">Sänger</marc:subfield>
      <marc:subfield code="4">sng</marc:subfield>
      <marc:subfield code="2">gnd</marc:subfield>
   </marc:datafield>
   <marc:datafield ind1="1" ind2=" " tag="700">
      <marc:subfield code="0">(DE-588)132256606</marc:subfield>
      <marc:subfield code="0">https://d-nb.info/gnd/132256606</marc:subfield>
      <marc:subfield code="0">(DE-101)132256606</marc:subfield>
      <marc:subfield code="a">Kwon, Hellen</marc:subfield>
      <marc:subfield code="d">1961-</marc:subfield>
      <marc:subfield code="e">Ausführender</marc:subfield>
      <marc:subfield code="4">prf</marc:subfield>
      <marc:subfield code="2">gnd</marc:subfield>
   </marc:datafield>
   <marc:datafield ind1="1" ind2=" " tag="700">
      <marc:subfield code="0">(DE-588)134733266</marc:subfield>
      <marc:subfield code="0">https://d-nb.info/gnd/134733266</marc:subfield>
      <marc:subfield code="0">(DE-101)134733266</marc:subfield>
      <marc:subfield code="a">Leitner, Lotte</marc:subfield>
      <marc:subfield code="e">Ausführender</marc:subfield>
      <marc:subfield code="4">prf</marc:subfield>
      <marc:subfield code="2">gnd</marc:subfield>
   </marc:datafield>
   <marc:datafield ind1="2" ind2=" " tag="710">
      <marc:subfield code="0">(DE-588)10293993-7</marc:subfield>
      <marc:subfield code="0">https://d-nb.info/gnd/10293993-7</marc:subfield>
      <marc:subfield code="0">(DE-101)320194558</marc:subfield>
      <marc:subfield code="a">Cappella Istropolitana</marc:subfield>
      <marc:subfield code="e">Ausführender</marc:subfield>
      <marc:subfield code="4">prf</marc:subfield>
      <marc:subfield code="2">gnd</marc:subfield>
   </marc:datafield>
   <marc:datafield ind1="2" ind2=" " tag="710">
      <marc:subfield code="0">(DE-588)5154410-6</marc:subfield>
      <marc:subfield code="0">https://d-nb.info/gnd/5154410-6</marc:subfield>
      <marc:subfield code="0">(DE-101)945761376</marc:subfield>
      <marc:subfield code="a">Bournemouth Sinfonietta</marc:subfield>
      <marc:subfield code="e">Ausführender</marc:subfield>
      <marc:subfield code="4">prf</marc:subfield>
      <marc:subfield code="2">gnd</marc:subfield>
   </marc:datafield>
   <marc:datafield ind1="2" ind2=" " tag="710">
      <marc:subfield code="0">(DE-588)5201831-3</marc:subfield>
      <marc:subfield code="0">https://d-nb.info/gnd/5201831-3</marc:subfield>
      <marc:subfield code="0">(DE-101)950723606</marc:subfield>
      <marc:subfield code="a">Northern Chamber Orchestra</marc:subfield>
      <marc:subfield code="e">Ausführender</marc:subfield>
      <marc:subfield code="4">prf</marc:subfield>
      <marc:subfield code="2">gnd</marc:subfield>
   </marc:datafield>
   <marc:datafield ind1="2" ind2=" " tag="710">
      <marc:subfield code="0">(DE-588)10318453-3</marc:subfield>
      <marc:subfield code="0">https://d-nb.info/gnd/10318453-3</marc:subfield>
      <marc:subfield code="0">(DE-101)320444953</marc:subfield>
      <marc:subfield code="a">Failoni Kamarazenekar</marc:subfield>
      <marc:subfield code="e">Ausführender</marc:subfield>
      <marc:subfield code="4">prf</marc:subfield>
      <marc:subfield code="2">gnd</marc:subfield>
   </marc:datafield>
   <marc:datafield ind1=" " ind2=" " tag="850">
      <marc:subfield code="a">DE-101b</marc:subfield>
      <marc:subfield code="a">DE-101c</marc:subfield>
   </marc:datafield>
   <marc:datafield ind1="4" ind2="0" tag="856">
      <marc:subfield code="u">https://nbn-resolving.org/urn:nbn:de:101:1-2014071612307</marc:subfield>
      <marc:subfield code="x">Resolving-System</marc:subfield>
   </marc:datafield>
   <marc:datafield ind1="r" ind2=" " tag="925">
      <marc:subfield code="a">rt</marc:subfield>
   </marc:datafield>
</marc:record>
